| 000 | 01282nam a22002651i 4500 | ||
|---|---|---|---|
| 003 | SA-RiAUC | ||
| 005 | 20250213084116.0 | ||
| 008 | 250209s1966 ts g 000 0 ara c | ||
| 040 |
_aSA-JeALM _bara _cSA-RiAUC _erda |
||
| 082 | 0 | 4 | _a240 |
| 090 |
_a240 _b ا ب ن ب |
||
| 100 | 1 |
_aابن باديس، عبد الحميد بن محمد المصطفى، _d1887-1940 _eمؤلف. |
|
| 245 | 1 | 2 |
_aالعقائد الإسلامية من الآيات القرآنية والأحاديث النبوية / _cعبد الحميد بن باديس ؛ رواية وتعليق محمد الصالح رمضان. |
| 250 | _aالطبعة الثانية. | ||
| 264 | 1 |
_aالجزائر : _bمكتبة الشركة الجزائرية مرازقه بوداود وشركاؤهما، _bمحمد الصالح الرمضان. _c1966 |
|
| 300 |
_a128 صفحة _c24 سم |
||
| 336 |
_aنص _btxt _2rdacontent _3كتاب |
||
| 337 |
_aبدون وسيط _bn _2rdamedia |
||
| 338 |
_aمجلد _bnc _2rdacarrier |
||
| 650 | 7 |
_aعلم الكلام _2aucsh |
|
| 700 | 1 |
_aرمضان، محمد الصالح، _d1913-2008 _eراوي. |
|
| 700 | 1 |
_aالبشير الإبراهيمي، محمد بن بشير بن عمر، _d1889-1965 _eمقدم. |
|
| 942 |
_2ddc _cBOOK _n0 |
||
| 949 |
_aSA-JeALM _d250209 _uosman123 _n1 |
||
| 999 |
_c5896 _d5896 |
||